000
00308nam a22001337a 4500
008
181017b xxu||||| |||| 00| 0 eng d
020
_a
9780397547036
041
_a
eng
080
_2
3 ed
_a
615
100
_a
5
101
_a
FAR
245
_a
Clinical And Nursing Mnagement
_c
Lipkin.N
942
_2
udc
_c
BK
999
_c
49984
_d
49984